000 00416nam a2200181Ia 4500
001 12826
005 20260306163009.0
008 260306t2007||||xx |||||||||||||| ||spa||
041 _aESP
082 _aRD 340.3
_bF96 2007
100 _aFundación Tomás Moro
_eAUT
245 0 _aDiccionario jurídico Espasa
260 _c2007
300 _a
_c
650 _aGEN
654 _aCDE
942 _cDIC
_dJUS
_fJUS
_2ddc
_n
999 _c12826
_d12826